000 00580nam a22001697a 4500
003 OSt
005 20260319094035.0
008 260319b |||||||| |||| 00| 0 eng d
040 _cMRSPTU
041 _aEnglish
100 _aJasmine, Supervisor: Shruti Chopra
245 _aExploring the Neuroprotective Potential of Sodium Valproate in Rat Model of Traumatic Brain Injury
260 _bDepartment of Pharmacy, MRSPTU, Bathinda
_c2025
650 _aPharmaceutical Sciences and Technology
856 _uhttp://163.47.215.52:8080/jspui/handle/123456789/956
942 _2ddc
_cTH
_n0
999 _c11188
_d11188